000
00222 a2200097 4500
001
51151
100
_a
Kilgarrif M
245
_a
Doctors and Nurses Joke Book
260
_a
London
_b
Ward Lock Ltd
_c
090
_c
32385
_d
32385
942
_a
NUST-CAE
_c
M
_c
24875
999
_c
286224
_d
286224